000 00759nam a2200229Ia 4500
003 GCL
008 140319s9999 xx 000 0 ara d
020 _a6514119957
040 _aGCL /
_cGCL
082 0 4 _a332.6
_bم أ
100 1 _aمحمد مطر العاصى
245 1 0 _aادارة الاستثمارات : الاطار النظرى والتطبيقات العملية /
_cمحمد مطر العاصى
250 _aالثالثة
260 _aالاردن :
_bدار وائل للنشر ،
_c2004
300 _a400 ص ؛
_c25 سم
650 0 4 _aالاستثمار
650 0 4 _aالادارة المالية
650 0 4 _aالاستثمارات الخارجية
650 0 4 _aالسندات
650 0 4 _aالاسهم
942 _2ddc
_cBK
999 _c58175
_d58175